Adivina los futbolistas por sus trayectorias profesionales #3 - Estadísticas

Estadísticas generales
  • Esta prueba ha sido intentada 6.061 veces
  • La puntuación promedio es 6 de 10
Estadísticas de respuestas
Jugadores Clubes % Correcto
Neymar cb9901d059-450.webp fd9dac956b-450.webp b99666a988-450.webp 007176d5b2-450.webp cb9901d059-450.webp
97%
Andrés Iniesta fd9dac956b-450.webp f8cabc687b-450.webp 6ee128c6c4-450.webp
88%
Robert Lewandowski 30379.png?lm=1638885868 df1ce5c90e-450.webp e3a8ad1519-450.webp299ddea4a7-450.webp 68e7d0d690-450.webp d196aeceae-450.webp fd9dac956b-450.webp
84%
Sergio Aguero 266652cdb4-450.webp bd01b7ec06-450.webp 5eb760cda7-450.webp fd9dac956b-450.webp
83%
Pelé cb9901d059-450.webp 78b84eeafe-450.webp
78%
Gianluigi Buffon 5a235ff13f-450.webp 017c04bd3a-450.webp b99666a988-450.webp 017c04bd3a-450.webp 5a235ff13f-450.webp
77%
Frank Lampard f98246630f-450.webp 561a301ba3-450.webp f98246630f-450.webp 1bebf7b35a-450.webp 5eb760cda7-450.webp 86c50fe369-450.webp
48%
Edwin van der Sar 830bcfe083-450.webp 017c04bd3a-450.webp 580cf3bee5-450.webp 002d09d37e-450.webp a669b6eeb8-450.webp
20%
Roy Keane cb13b79ef5-450.webp d517b185cf-450.webp 002d09d37e-450.webp 142bb8316a-450.webp
20%
Alessandro Nesta 25d3e30934-450.webp da3e8d7bcf-450.webp c9da606aa5-450.webp 9d60d1612c-450.webp
19%
No se encontraron pruebas coincidentes
Distribución de puntuación
Porcentaje de gente con cada puntuación
Porcentaje por número respondido
Historial de tus puntuaciones
No has intentado esta prueba.